• 首页
  • 本馆介绍
  • 公告通知
  • 最新文献
  • 馆藏检索
  • 电子资源
  • 读者导购
  • 参考咨询
  • 我的图书馆
  • 登录
  • 详细信息显示
  • 放入我的书架
  • 预约/预借图书
  • 作者相关作品
  • 分类相关作品
  • 丛书相关作品
  • 出版社相关作品

书目信息

  • 表格格式
  • 工作单格式
  • 卡片格式
题名:
实用生物化学与分子生物学词典
    
 
作者: 童耕雷 主编
分册:  
出版信息: 北京   科学出版社  2003
页数: 985页
开本: 21cm
丛书名: 科学版词典系列
单 册:
中图分类: Q5-61
科图分类:
主题词: 生物化学--词典 , 分子生物学--词典
电子资源:
ISBN: 7-03-010023-9
000 00926nam0 2200253 45
001 002459892
005 20050401100859.8
010    @a7-03-010023-9@dCNY75.00
100    @a20030924d2003 em y0chiy0110 ea
101 0  @achi
102    @aCN@b110000
105    @ay e 000yy
200 1  @a实用生物化学与分子生物学词典@Ashi yong sheng wu hua xue yu fen zi sheng wu xue ci dian@f童耕雷主编@FTong Geng Lei Zhu Bian
210    @a北京@c科学出版社@d2003
215    @a985页@d21cm
225 1  @a科学版词典系列
330    @a本书收录了生物化学、分子生物学及其与之密切相关的遗传学、免疫学、细胞生物学和医药学方面的名词术语、缩写词,且特点注意收集二十世纪九十年代后期出现的常用新词共8000多条,其重要的词条给出详尽的解释。
410    @12001 @a科学版词典系列
606 0  @a生物化学@x词典
606 0  @a分子生物学@x词典
690    @aQ5-61@v4
701  0 @a童耕雷@4主编
801  0 @aCN@bNLC@c20031224
905    @f2@b347608-609@dQ5-61@e81
    
    实用生物化学与分子生物学词典/童耕雷主编.-北京:科学出版社,2003
    985页;21cm.-(科学版词典系列)
    
    
    ISBN 7-03-010023-9:CNY75.00
    本书收录了生物化学、分子生物学及其与之密切相关的遗传学、免疫学、细胞生物学和医药学方面的名词术语、缩写词,且特点注意收集二十世纪九十年代后期出现的常用新词共8000多条,其重要的词条给出详尽的解释。
●
相关链接 在E读中查询图书 在五车中查询图书 在当当中查询图书 在豆瓣中查询图书


正题名:实用生物化学与分子生物学词典     索取号:Q5-61/81         预约/预借

序号 登录号 条形码 馆藏地/架位号 状态 备注
1 0347608   203476087   第二样本阅览室/ [索取号:Q5-61/81] 在馆    
2 0347609   203476096   工具书阅览室/ [索取号:Q5-61/81] 在馆    
唐山师范学院图书馆 欢迎您!
大连网信软件有限公司© 版权所有